000 00601nam a22002177a 4500
003 OSt
005 20150826213722.0
008 150826b xxu||||| |||| 00| 0 eng d
020 _a9781555814250
040 _cDNLM
082 _aWC500 C615d 2009
100 _aeditor Richman, Douglas D.
_95598
245 _aClinical virology
250 _a3rd ed.
260 _aWashington;
_bASM Press,
_c2009
300 _axvi,1375p;
_bill:
_c28.5cm
504 _aRefereces, & index included
650 _aVirology
_9893
700 _aeditor Whitley, Richard J ; Hayden, Frederick G.
_95599
942 _2z
_cO_SHELF
999 _c2189
_d2189